Skip to main content
Your cart is empty.
Your lists
Log in to create your own lists
Your cookies
العربية
English
العربية
Home
Search
Advanced search
Authority search
About
The noble scholar, jurist, historian
His Excellency Dr. Abdul Wahhab bin Ibrahim Abu Sulaiman, may Allah have mercy on him.
He was born in Umm Al-Qura in the year 1356 AH.
Library catalog
Title
Author
Subject
ISBN
ISSN
Series
Call number
Log in to your account
×
Login:
Password:
Home
MARC view: اللائحة الداخلية /
Normal view
MARC view
ISBD view
اللائحة الداخلية / (Record no. 7106)
[
view plain
]
MARC details
000 -LEADER
fixed length control field
02589cam a2200301 i 4500
003 - CONTROL NUMBER IDENTIFIER
control field
OSt
005 - DATE AND TIME OF LATEST TRANSACTION
control field
20250417063740.0
008 - FIXED-LENGTH DATA ELEMENTS--GENERAL INFORMATION
fixed length control field
250416s2017 ku f l f000 0 ara c
024 0# - OTHER STANDARD IDENTIFIER
Standard number or code
00000001022492
040 ## - CATALOGING SOURCE
Original cataloging agency
SA-JeALM
Language of cataloging
ara
Transcribing agency
SA-RiAUC
Description conventions
rda
043 ## - GEOGRAPHIC AREA CODE
Geographic area code
a-ku---
050 #4 - LIBRARY OF CONGRESS CALL NUMBER
Item number
K89 2017
082 04 - DEWEY DECIMAL CLASSIFICATION NUMBER
Classification number
328.3209538
Assigning agency
SA-RiAUC
090 ## - LOCALLY ASSIGNED LC-TYPE CALL NUMBER (OCLC); LOCAL CALL NUMBER (RLIN)
Classification number (OCLC) (R) ; Classification number, CALL (RLIN) (NR)
328.3209538
Local cutter number (OCLC) ; Book number/undivided call number, CALL (RLIN)
ك و ي
110 1# - MAIN ENTRY--CORPORATE NAME
Corporate name or jurisdiction name as entry element
الكويت.
Subordinate unit
مجلس الأمة
Relator term
مؤلف.
245 12 - TITLE STATEMENT
Title
اللائحة الداخلية /
Statement of responsibility, etc.
مجلس الأمة.
264 #1 - PRODUCTION, PUBLICATION, DISTRIBUTION, MANUFACTURE, AND COPYRIGHT NOTICE
Place of production, publication, distribution, manufacture
الكويت :
Name of producer, publisher, distributor, manufacturer
مجلس الأمة،
300 ## - PHYSICAL DESCRIPTION
Extent
70 صفحة ؛
Dimensions
23 × 15 سم
336 ## - CONTENT TYPE
Content type term
نص
Content type code
txt
Source
rdacontent
Materials specified
كتاب
337 ## - MEDIA TYPE
Media type term
بدون وسيط
Media type code
n
Source
rdamedia
338 ## - CARRIER TYPE
Carrier type term
مجلد
Carrier type code
nc
Source
rdacarrier
505 0# - FORMATTED CONTENTS NOTE
Formatted contents note
يتناول الكتاب اللائحة الداخلية لمجلس الأمة بدولة الكويت ومن أهم بنود هذه اللائحة : تنظيم المجلس، تأليف المجلس وأحكام العضوية، يتألف مجلس الأمة من خمسين عضوا ينتخبون بطريق الانتخاب العام السري المباشر وفقا لقانون الانتخاب ويعتبر الوزراء غير المنتخبين بمجلس الأمة أعضاء في هذا المجلس بحكم وظائفهم ولا يزيد عدد الوزراء جميعا على ثلث عدد أعضاء مجلس الأمة، يشترط في عضو مجلس الأمة أن يكون كويتي الجنسية بصفة أصلية وفقا للقانون، أن تتوافر فيه شروط الناخب وفقا لقانون الانتخاب، ألا تقل سنه يوم الانتخاب عن ثلاثين سنة ميلادية، أن يجيد قراءة اللغة العربية وكتابتها، مدة مجلس الأمة أربع سنوات ميلادية من تاريخ أول اجتماع له ويجري التجديد خلال الستين يوما السابقة على نهاية تلك المدة مع مراعاة حكم المادة 107 من الدستور، وتثبت صفة النيابة للعضو من وقت إعلان انتخابه حتى نهاية مدة المجلس ما لم تزل عنه تلك الصفة قبل ذلك لأي سبب قانوني.
610 17 - SUBJECT ADDED ENTRY--CORPORATE NAME
Corporate name or jurisdiction name as entry element
الكويت.
Subordinate unit
مجلس الأمة
Form subdivision
قوانين داخلية
Source of heading or term
aucnm
650 #7 - SUBJECT ADDED ENTRY--TOPICAL TERM
Topical term or geographic name entry element
الهيئات التشريعية
Geographic subdivision
الكويت
Form subdivision
لوائح
Source of heading or term
aucsh
942 ## - ADDED ENTRY ELEMENTS (KOHA)
Source of classification or shelving scheme
Dewey Decimal Classification
Koha item type
Books
Suppress in OPAC
No
949 ## - LOCAL PROCESSING INFORMATION (OCLC)
a
SA-JeALM
d
250416
u
mohamedma123
n
1
Holdings
Withdrawn status
Lost status
Source of classification or shelving scheme
Damaged status
Not for loan
Home library
Current library
Date acquired
Total checkouts
Full call number
Barcode
Date last seen
Price effective from
Koha item type
Dewey Decimal Classification
DR AbdElwahab Library
DR AbdElwahab Library
04/17/2025
328.3209538 ك و ي
000011866
04/17/2025
04/17/2025
Books
Place hold
Print
Add to your cart
(remove)
Save record
BIBTEX
Dublin Core
MARCXML
MARC (non-Unicode/MARC-8)
MARC (Unicode/UTF-8)
MARC (Unicode/UTF-8, Standard)
MODS (XML)
RIS
ISBD
More searches
Search for this title in:
Other Libraries (WorldCat)
Other Databases (Google Scholar)
Online Stores (Bookfinder.com)
Open Library (openlibrary.org)
Exporting to Dublin Core...
×
Simple DC-RDF
OAI-DC
SRW-DC